00471nam a2200157Ia 4500100002200000250000600022942000700028654001600035245005900051260003300110082002000143300000800163546001200171999001700183952011300200 aDailley/Denton J  a4 cBK aoperational aOperational Amplifiers and Linear Intergrated Circuits bMc Graw HillaNew Yorkc1989 a621.381535bDAI a418 aENGLISH c24197d24197 001040708CRCaCRCEbCRCEd2023-03-17g363.54l0o621.381535 DAIp5732r2023-03-17v363.54w2023-03-17yBK